[Event "POL-ch Academic (Women)"]
[Site "Chorzow"]
[Date "2022.04.01"]
[Round "1"]
[White "Lascar, Maria Elena"]
[Black "Kubicka, Anna"]
[Result "0-1"]
[WhiteElo "1434"]
[BlackElo "1984"]
[PlyCount "96"]
[EventDate "2022.04.01"]
[EventType "swiss (rapid)"]
[EventRounds "9"]
[EventCountry "POL"]
[SourceTitle "EXT 2024"]
[Source "ChessBase"]
[SourceDate "2023.10.10"]
[SourceVersion "1"]
[SourceVersionDate "2023.10.10"]
[SourceQuality "1"]

1. e4 c5 2. Nf3 d6 3. d4 cxd4 4. Nxd4 Nf6 5. Nc3 a6 6. g3 e5 7. Nde2 Be7 8. Bg2 0-0 9. 0-0 b5 10. a4 b4 11. Nd5 Nxd5 12. Qxd5 Ra7 13. Be3 Be6 14. Qd2 Rb7 15. f4 Qc7 16. f5 Bc4 17. g4 Rc8 18. Rac1 Bd8 19. g5 f6 20. gxf6 Bxf6 21. b3 Bf7 22. Rf3 Nd7 23. Rh3 Nf8 24. Ng3 Qc3 25. Qf2 Rbc7 26. Bf1 Rc6 27. Bd3 Qb2 28. Rd1 Rxc2 29. Bxc2 Rxc2 30. Rd2 Rxd2 31. Bxd2 Qxb3 32. Qf1 d5 33. Nh5 Qc2 34. Nxf6+ gxf6 35. Qg2+ Kh8 36. Rg3 Qd1+ 37. Kf2 Qxd2+ 38. Kg1 Qxg2+ 39. Kxg2 dxe4 40. Re3 Nd7 41. Re2 Nc5 42. Rb2 Nd3 43. Rc2 b3 44. Rc8+ Kg7 45. Rb8 b2 46. Kf1 Ba2 47. Rb7+ Kh6 48. Rxb2 Nxb2 0-1

[Event "POL-chT U20 2nd League"]
[Site "Sypniewo"]
[Date "2020.??.??"]
[Round "2.5"]
[White "Lascar, Maria Elena"]
[Black "Zalucka, Emilia"]
[Result "1/2-1/2"]
[WhiteElo "1552"]
[BlackElo "1524"]
[PlyCount "139"]
[EventDate "2020.10.23"]
[EventType "team-swiss"]
[EventRounds "9"]
[EventCountry "POL"]
[SourceTitle "CBM 199 Extra"]
[Source "ChessBase"]
[SourceDate "2021.01.31"]
[SourceVersion "1"]
[SourceVersionDate "2021.01.31"]
[SourceQuality "1"]

1. e4 e5 2. Nf3 Nc6 3. Bc4 Bc5 4. c3 Nf6 5. d4 exd4 6. e5 d5 7. Bb5 Ne4 8. cxd4 Bb6 9. h3 Bd7 10. Ba4 Ba5+ 11. Bd2 Nxd2 12. Nbxd2 Bxd2+ 13. Qxd2 Nxe5 14. Nxe5 Bxa4 15. Qb4 Bc6 16. Rc1 a5 17. Qc5 Qe7 18. Qxe7+ Kxe7 19. Nxc6+ bxc6 20. Rxc6 Kd7 21. Rc5 c6 22. Kd2 Rhb8 23. Rb1 Rb4 24. Kd3 Re8 25. f3 Rb5 26. Rxb5 cxb5 27. Rc1 Rc8 28. Rc5 Rxc5 29. dxc5 b4 30. b3 g5 31. g3 f5 32. Ke3 Kc7 33. h4 f4+ 34. gxf4 gxh4 35. f5 h3 36. Kf2 d4 37. f6 h2 38. Kg2 d3 39. f7 d2 40. f8Q h1Q+ 41. Kxh1 d1Q+ 42. Kg2 Qd2+ 43. Kh3 Qd7+ 44. Kg3 Kc6 45. Qa8+ Kb5 46. Qb8+ Kxc5 47. Qe5+ Kb6 48. Qe3+ Kb7 49. Qe4+ Kb8 50. Kh4 Qd8+ 51. Kh5 Qd2 52. Qe5+ Kb7 53. Qb5+ Kc8 54. Qxa5 Qf4 55. Qa8+ Kd7 56. Qb7+ Ke6 57. Qc6+ Kf7 58. Qd5+ Kf6 59. Qd8+ Kf5 60. Qd7+ Kf6 61. Qd8+ Kg7 62. Qd7+ Qf7+ 63. Qxf7+ Kxf7 64. f4 Kf6 65. Kh6 Kf5 66. Kxh7 Kxf4 67. Kg6 Ke4 68. Kf6 Kd3 69. Ke5 Kc2 70. Kd4 1/2-1/2

[Event "POL-chT blitz (Women)"]
[Site "Szczawno Zdroj"]
[Date "2018.12.15"]
[Round "10.4"]
[White "Smietanska, Wiktoria"]
[Black "Lascar, Maria Elena"]
[Result "0-1"]
[WhiteElo "1324"]
[BlackElo "1576"]
[PlyCount "50"]
[EventDate "2018.12.15"]
[EventType "team-swiss"]
[EventRounds "11"]
[EventCountry "POL"]
[SourceTitle "CBM 187 Extra"]
[Source "ChessBase"]
[SourceDate "2018.11.04"]
[SourceVersion "1"]
[SourceVersionDate "2018.11.04"]
[SourceQuality "1"]

1. d4 f5 2. c4 Nf6 3. Nc3 e6 4. Bg5 Be7 5. e3 d5 6. cxd5 exd5 7. Nf3 0-0 8. Bd3 c6 9. 0-0 Ne4 10. Bxe7 Qxe7 11. Ne5 Nd7 12. Nxd7 Bxd7 13. a3 Rae8 14. Qc2 Qg5 15. b4 Re6 16. Ne2 Rh6 17. Nf4 Qh4 18. h3 g5 19. Ne2 g4 20. Nf4 gxh3 21. Nxh3 f4 22. Bxe4 Bxh3 23. gxh3 Qxh3 24. Rfe1 dxe4 25. Qxe4 Rg6+ 0-1

[Event "POL-chT U20 1st League"]
[Site "Kudowa Zdroj"]
[Date "2018.07.22"]
[Round "2.5"]
[White "Lascar, Maria Elena"]
[Black "Mazanowska, Aniela"]
[Result "1-0"]
[WhiteElo "1604"]
[BlackElo "1313"]
[PlyCount "71"]
[EventDate "2018.07.21"]
[EventType "team-tourn"]
[EventRounds "9"]
[EventCountry "POL"]
[SourceTitle "CBM 186 Extra"]
[Source "ChessBase"]
[SourceDate "2018.08.24"]
[SourceVersion "1"]
[SourceVersionDate "2018.08.24"]
[SourceQuality "1"]

1. e4 e5 2. Nf3 Nc6 3. Nc3 Nf6 4. d4 exd4 5. Nxd4 Bb4 6. Nxc6 bxc6 7. Bd3 0-0 8. 0-0 Re8 9. Re1 d5 10. exd5 cxd5 11. Bg5 Be6 12. Qf3 d4 13. Ne4 Bg4 14. Nxf6+ gxf6 15. Rxe8+ Qxe8 16. Qxg4 fxg5 17. Qxg5+ Kh8 18. Qf6+ Kg8 19. Qh6 Rb8 20. Bxh7+ Kh8 21. Bd3+ Kg8 22. Qh7+ Kf8 23. Qh8+ Ke7 24. Qxd4 Qh8 25. Qxa7 Qxb2 26. Qxc7+ Kf6 27. Qf4+ Ke7 28. Rd1 Rd8 29. Qh4+ f6 30. Qh7+ Kf8 31. Qh8+ Ke7 32. Qg7+ Kd6 33. Bf1+ Kc6 34. Rxd8 Qe5 35. Qd7+ Kc5 36. Qb5# 1-0

[Event "POL-chT U20 2nd League"]
[Site "Szczyrk"]
[Date "2017.07.26"]
[Round "7.11"]
[White "Lascar, Maria Elena"]
[Black "Cieslak, Wiktoria"]
[Result "1-0"]
[WhiteElo "1549"]
[BlackElo "1995"]
[PlyCount "61"]
[EventDate "2017.07.22"]
[EventType "team-swiss"]
[EventRounds "11"]
[EventCountry "POL"]
[SourceTitle "EXT 2019"]
[Source "ChessBase"]
[SourceDate "2018.10.10"]
[SourceVersion "1"]
[SourceVersionDate "2018.10.10"]
[SourceQuality "1"]

1. e4 c5 2. Nf3 a6 3. c4 e6 4. d4 cxd4 5. Nxd4 Nc6 6. Nc3 Qc7 7. Nde2 Nf6 8. g3 Ne5 9. Bg2 Qxc4 10. 0-0 Qd3 11. Qb3 Qc4 12. Qd1 Bb4 13. Na4 Qd3 14. Bf4 Qxd1 15. Rfxd1 Ng6 16. Bc7 0-0 17. Nb6 Ra7 18. Bb8 Ne7 19. Bxa7 Nc6 20. Nxc8 Nxa7 21. Nxa7 Bc5 22. h3 d5 23. exd5 exd5 24. Bxd5 Nxd5 25. Rxd5 Bxa7 26. Rad1 Bb6 27. Rd6 Ba5 28. b4 Bxb4 29. Rd8 b6 30. Rxf8+ Kxf8 31. Nd4 1-0

[Event "POL-chT U20 2nd League"]
[Site "Szczyrk"]
[Date "2017.07.22"]
[Round "1.41"]
[White "Hryn, Zofia"]
[Black "Lascar, Maria Elena"]
[Result "1-0"]
[WhiteElo "1648"]
[BlackElo "1549"]
[PlyCount "167"]
[EventDate "2017.07.22"]
[EventType "team-swiss"]
[EventRounds "11"]
[EventCountry "POL"]
[SourceTitle "EXT 2019"]
[Source "ChessBase"]
[SourceDate "2018.10.10"]
[SourceVersion "1"]
[SourceVersionDate "2018.10.10"]
[SourceQuality "1"]

1. c4 c5 2. g3 Nc6 3. Bg2 e5 4. Nc3 g6 5. d3 Bg7 6. Nf3 Nge7 7. Ne4 d6 8. Bg5 f5 9. Nf6+ Kf7 10. Nd5 h6 11. Nxe7 Nxe7 12. Bc1 Rb8 13. a4 a5 14. e4 Rf8 15. Bd2 Be6 16. b3 Kg8 17. Qc1 Kh7 18. h4 fxe4 19. dxe4 Bg4 20. Nh2 Bc8 21. 0-0 Nc6 22. Nf3 Qf6 23. Qc3 Bg4 24. Nh2 Be2 25. Qe3 Bxf1 26. Rxf1 h5 27. Nf3 b6 28. Qd3 Nd4 29. Nxd4 cxd4 30. Bg5 Qe6 31. Qd2 Rb7 32. f3 Qe8 33. Kh2 Bf6 34. Rd1 Qd8 35. Kh3 Qc8+ 36. Kh2 Qd8 37. Rf1 Qc7 38. Bh6 Bg7 39. Bg5 Qc5 40. Qd3 Qa3 41. Qc2 Bf6 42. Rd1 Bxg5 43. hxg5 Kg7 44. Kh3 Rbf7 45. Rd3 Qc5 46. Qe2 Qa3 47. Qc2 Qb4 48. Qd1 Qc5 49. Kh4 Qc7 50. Qd2 Qe7 51. Qc1 Qd8 52. Qd2 Qe7 53. Qc1 Qc7 54. Qd1 Qe7 55. Qe2 Rf4+ 56. gxf4 Rxf4+ 57. Kg3 Qxg5+ 58. Kf2 h4 59. Qf1 Qg3+ 60. Ke2 Rf8 61. Qh1 Qf4 62. Bh3 g5 63. Bg4 Qg3 64. Qh3 Qg1 65. Qf1 Qh2+ 66. Qf2 Qf4 67. Rd1 Rh8 68. Rh1 Rh6 69. Kd3 Qf6 70. Qd2 Rh8 71. Bf5 Rd8 72. b4 Ra8 73. Rb1 Qd8 74. bxa5 Rxa5 75. Qb4 Ra6 76. Qb5 Ra5 77. Qc6 Qa8 78. Qd7+ Kf8 79. Bg6 Ra7 80. Qxd6+ Re7 81. Qf6+ Kg8 82. Qxe7 Qa5 83. Qf7+ Kh8 84. Qh7# 1-0

[Event "POL-chT U19 2nd League"]
[Site "Iwonicz"]
[Date "2015.08.01"]
[Round "5.30"]
[White "Lascar, Maria Elena"]
[Black "Buchta, Agnieszka"]
[Result "1/2-1/2"]
[WhiteElo "1375"]
[BlackElo "1619"]
[PlyCount "80"]
[EventDate "2015.07.25"]
[EventType "team-swiss"]
[EventRounds "11"]
[EventCountry "POL"]
[SourceTitle "EXT 2019"]
[Source "ChessBase"]
[SourceDate "2018.10.10"]
[SourceVersion "1"]
[SourceVersionDate "2018.10.10"]
[SourceQuality "1"]
[WhiteTeam "Legnica Miedz U19"]
[BlackTeam "Podlesie UKS 21 U19"]
[WhiteTeamCountry "POL"]
[BlackTeamCountry "POL"]

1. e4 c5 2. Nf3 e6 3. c4 Nc6 4. Nc3 e5 5. Be2 d6 6. 0-0 Nge7 7. d3 g6 8. Bg5 Bg7 9. Nd5 h6 10. Bf6 0-0 11. Qd2 Bxf6 12. Nxf6+ Kg7 13. Nd5 f5 14. h4 f4 15. Kh2 Nxd5 16. cxd5 Nd4 17. g3 g5 18. Nxd4 cxd4 19. hxg5 hxg5 20. Kg2 Bd7 21. g4 Qf6 22. f3 Rh8 23. Rh1 Kf7 24. Rac1 Rxh1 25. Rxh1 Rh8 26. Qc1 Rxh1 27. Qxh1 Kg7 28. Qh5 Qh6 29. Qxh6+ Kxh6 30. Kf2 Kg7 31. Ke1 Kf8 32. Kd2 Ke8 33. Kc2 Kd8 34. Kb3 Kc7 35. a4 a5 36. Ka3 b5 37. b3 Kb6 38. Bd1 Kc5 39. Bc2 Be8 40. Bd1 Bd7 1/2-1/2

[Event "POL-chT U19 2nd League"]
[Site "Iwonicz"]
[Date "2015.08.01"]
[Round "2.30"]
[White "Lewandowska, Weronika"]
[Black "Lascar, Maria Elena"]
[Result "1/2-1/2"]
[WhiteElo "1080"]
[BlackElo "1375"]
[PlyCount "93"]
[EventDate "2015.07.25"]
[EventType "team-swiss"]
[EventRounds "11"]
[EventCountry "POL"]
[SourceTitle "EXT 2019"]
[Source "ChessBase"]
[SourceDate "2018.10.10"]
[SourceVersion "1"]
[SourceVersionDate "2018.10.10"]
[SourceQuality "1"]
[WhiteTeam "Grudziadz Rotmistrz U19"]
[BlackTeam "Legnica Miedz U19"]
[WhiteTeamCountry "POL"]
[BlackTeamCountry "POL"]

1. d4 d5 2. c4 c6 3. cxd5 cxd5 4. Nc3 Nf6 5. Bf4 a6 6. e3 e6 7. Bd3 Nc6 8. Nf3 Bb4 9. a3 Ba5 10. 0-0 0-0 11. h3 Re8 12. Qc2 Bc7 13. Bxc7 Qxc7 14. Rfe1 e5 15. dxe5 Nxe5 16. Nxe5 Qxe5 17. Qe2 Bd7 18. Rac1 Rac8 19. Red1 Qg5 20. Qf3 Bc6 21. Qf5 Qh6 22. Be2 Rcd8 23. Bf3 Bd7 24. Qf4 Qxf4 25. exf4 Bc6 26. Re1 Kf8 27. Rcd1 Rxe1+ 28. Rxe1 d4 29. Bxc6 bxc6 30. Na4 Nd7 31. Rd1 c5 32. Kf1 Ke7 33. b4 cxb4 34. axb4 Nf6 35. Nc5 Nd7 36. Nxa6 Nb6 37. Nc5 Rd5 38. Nb3 d3 39. Nc5 d2 40. Nb3 Nc4 41. Ke2 Nb6 42. Rxd2 Rxd2+ 43. Kxd2 Nd5 44. Nd4 Kf6 45. g4 g5 46. Nc6 Ne7 47. fxg5+ 1/2-1/2

[Event "POL-ch U14 Girls"]
[Site "Suwalki"]
[Date "2015.04.10"]
[Round "4"]
[White "Bakalarczyk, Zuzanna"]
[Black "Lascar, Maria Elena"]
[Result "0-1"]
[WhiteElo "1219"]
[BlackElo "1375"]
[PlyCount "92"]
[EventDate "2015.04.08"]
[EventType "swiss"]
[EventRounds "9"]
[EventCountry "POL"]
[SourceTitle "EXT 2017"]
[Source "ChessBase"]
[SourceDate "2016.10.25"]
[SourceVersion "1"]
[SourceVersionDate "2016.10.25"]
[SourceQuality "1"]

1. e4 c5 2. Nf3 Nc6 3. d4 cxd4 4. Nxd4 g6 5. Nc3 Bg7 6. Be3 Nf6 7. Be2 0-0 8. Qd2 d5 9. Nxc6 bxc6 10. exd5 Nxd5 11. Nxd5 Qxd5 12. Qxd5 cxd5 13. Rb1 Bf5 14. Kd2 Rfc8 15. Bd3 Bxd3 16. Kxd3 e5 17. Rhe1 f5 18. f3 a6 19. c3 Kf7 20. Rbd1 Rab8 21. Rd2 Rb7 22. h3 Rcb8 23. b3 Rc8 24. Rc2 Rbc7 25. Rec1 Ke6 26. g3 e4+ 27. fxe4 fxe4+ 28. Ke2 h6 29. g4 Rf7 30. h4 Rf3 31. g5 h5 32. Rh1 Be5 33. c4 d4 34. Bg1 Bf4 35. Ke1 d3 36. Rb2 d2+ 37. Rxd2 Bxd2+ 38. Kxd2 Kf5 39. Rh2 Rd8+ 40. Ke2 Rfd3 41. Be3 Kg4 42. c5 Rc3 43. Rh1 Rc2+ 44. Ke1 Kf3 45. c6 Re2+ 46. Kf1 Rd1# 0-1

[Event "POL Olympiad U12 Girls"]
[Site "Spala"]
[Date "2014.12.30"]
[Round "2.4"]
[White "Lascar, Maria Elena"]
[Black "Kalinowska, Zuzanna"]
[Result "0-1"]
[WhiteElo "1299"]
[BlackElo "1542"]
[PlyCount "66"]
[EventDate "2014.04.06"]
[EventType "swiss"]
[EventRounds "9"]
[EventCountry "POL"]
[SourceTitle "EXT 2023"]
[Source "ChessBase"]
[SourceDate "2022.10.05"]
[SourceVersion "1"]
[SourceVersionDate "2022.10.05"]
[SourceQuality "1"]

1. e4 e6 2. Nf3 d5 3. Nc3 Nf6 4. e5 Nfd7 5. d4 c5 6. dxc5 Nc6 7. Bf4 Nxc5 8. Be2 Be7 9. 0-0 0-0 10. Rb1 f6 11. exf6 Bxf6 12. Qd2 e5 13. Bg5 d4 14. Bc4+ Be6 15. Bxe6+ Nxe6 16. Ne4 Bxg5 17. Nexg5 Qd5 18. Qd3 g6 19. c4 Qd7 20. b4 Nxg5 21. Nxg5 Qe7 22. Qd2 e4 23. b5 e3 24. fxe3 dxe3 25. Qd5+ Kh8 26. bxc6 bxc6 27. Nf7+ Kg8 28. Qxc6 e2 29. Rfe1 Rac8 30. Nh6+ Kh8 31. Rb7 Qe3+ 32. Kh1 Rf1+ 33. Rxf1 exf1Q# 0-1

[Event "POL Olympiad U12 Girls"]
[Site "Walbrzych"]
[Date "2013.??.??"]
[Round "2.14"]
[White "Lascar, Maria Elena"]
[Black "Leczek, Weronika"]
[Result "0-1"]
[WhiteElo "1363"]
[BlackElo "1594"]
[PlyCount "92"]
[EventDate "2013.04.??"]
[EventType "team-swiss"]
[EventRounds "9"]
[EventCountry "POL"]
[SourceTitle "EXT 2015"]
[Source "ChessBase"]
[SourceDate "2014.11.20"]
[SourceVersion "1"]
[SourceVersionDate "2014.11.20"]
[SourceQuality "1"]

1. e4 c5 2. Nf3 Nc6 3. d4 cxd4 4. Nxd4 Nf6 5. Nc3 d6 6. Be2 g6 7. 0-0 Bg7 8. Nb3 0-0 9. Be3 a6 10. f4 Qc7 11. f5 Ne5 12. Rc1 b5 13. fxg6 hxg6 14. Nd5 Nxd5 15. exd5 Nc4 16. Bd4 Nxb2 17. Qd2 Nc4 18. Qc3 Bxd4+ 19. Nxd4 Bb7 20. Rf4 Bxd5 21. Rh4 f6 22. Qh3 Kf7 23. Rh7+ Ke8 24. Bxc4 Qxc4 25. Qe3 e5 26. Nb3 Qe4 27. Qxe4 Bxe4 28. c4 g5 29. Rg7 Rf7 30. Rg8+ Kd7 31. Rxa8 Bxa8 32. c5 Bd5 33. Na5 dxc5 34. Rxc5 Kd6 35. Rc8 Rc7 36. Rd8+ Ke6 37. Re8+ Kf5 38. a3 Be4 39. h3 Rd7 40. Kf2 Rd2+ 41. Kf1 Bxg2+ 42. Ke1 Rd3 43. Kf2 Be4 44. Rb8 Rxa3 45. Nb7 Bxb7 46. Rxb7 Rxh3 0-1

[Event "POL Olympiad U12 Girls"]
[Site "Walbrzych"]
[Date "2013.??.??"]
[Round "4.17"]
[White "Lascar, Maria Elena"]
[Black "Szulc, Patrycja"]
[Result "0-1"]
[WhiteElo "1363"]
[BlackElo "1305"]
[PlyCount "106"]
[EventDate "2013.04.??"]
[EventType "team-swiss"]
[EventRounds "9"]
[EventCountry "POL"]
[SourceTitle "EXT 2015"]
[Source "ChessBase"]
[SourceDate "2014.11.20"]
[SourceVersion "1"]
[SourceVersionDate "2014.11.20"]
[SourceQuality "1"]

1. e4 c5 2. Nf3 d6 3. d4 cxd4 4. Nxd4 Nf6 5. Nc3 a6 6. h3 e6 7. g4 Be7 8. Bg2 Qc7 9. 0-0 0-0 10. Be3 Nc6 11. Nxc6 bxc6 12. f4 Rb8 13. Rb1 Bb7 14. g5 Nd7 15. h4 d5 16. h5 f5 17. exd5 cxd5 18. Ne2 Nb6 19. Nd4 Bc8 20. b3 Bc5 21. Rf3 Bd7 22. Rh3 e5 23. fxe5 f4 24. e6 Bxd4 25. Bxd4 Bxe6 26. Rh4 f3 27. Qe1 Rbe8 28. Qe3 Qxc2 29. Rb2 Qd1+ 30. Bf1 Bh3 31. Rxh3 Rxe3 32. Bxe3 d4 33. Rd2 Qe1 34. h6 Qxe3+ 35. Rf2 Qxg5+ 36. Kh2 Qf4+ 37. Kg1 gxh6 38. Rfxf3 Qd6 39. Rhg3+ Kh8 40. Rxf8+ Qxf8 41. Bxa6 Qa3 42. Be2 Qxa2 43. Rg2 Qxb3 44. Kf2 Qe3+ 45. Kf1 d3 46. Bd1 Qc1 47. Ke1 Nc4 48. Rg3 Qd2+ 49. Kf1 Qxd1+ 50. Kg2 Qe2+ 51. Kh3 d2 52. Rg2 Qxg2+ 53. Kxg2 d1Q 0-1